Quick Pick: Cities in the Netherlands Quiz Stats

 Plays Quiz Updated Jul 3, 2019

Score 0/12 Timer 01:00
5 Plays Today
% Correct
Amsterdam
98.8%
Rotterdam
94.2%
Den Haag
91.2%
Eindhoven
89.4%
Haarlem
87.5%
Maastricht
84%
Utrecht
83.5%
Groningen
81.1%
Leiden
74.7%
Breda
68.6%
Tilburg
61.8%
Almere
54.4%

Today's Daily Dose

Missing Word
Banned Books (A-Z)

Word Ladder
Janis Joplin

Get the Picture
Occupations

You're not logged in!

Compare scores with friends on all Sporcle quizzes.
OR
Log In

Sporcle TV

Today on Sporcle TV


Watch our educational content, quiz creation guides, and fun videos on Sporcle TV.

Show Comments

Extras

Top Quizzes Today


Score Distribution

Your Account Isn't Verified!

In order to create a playlist on Sporcle, you need to verify the email address you used during registration. Go to your Sporcle Settings to finish the process.

Report this User

Report this user for behavior that violates our Community Guidelines.

Details: